| 000 | 00429nam a2200181Ia 4500 | ||
|---|---|---|---|
| 003 | STCL | ||
| 008 | 230726s9999 xx 000 0 und d | ||
| 020 | _a9780141346847 | ||
| 040 |
_aSTCL _cSTCL _bEN |
||
| 082 | _222 | ||
| 100 | _aRiordan, Rick | ||
| 245 | 0 | _aPercy Jackson and the sea of monsters | |
| 260 |
_bPuffin Books _aLondon _c2018 |
||
| 300 | _a264 p | ||
| 365 | _b399 | ||
| 546 | _aEnglish | ||
| 942 |
_2DDC _e22 _cBKDDC |
||
| 999 |
_c89600 _d89600 |
||